[Event "C.to Europeo U18 femminile"]
[Site "Fermo ITA"]
[Date "2009.09.08"]
[Round "8"]
[White "Officer, Amy"]
[Black "Boric, Masa"]
[Result "1-0"]
[WhiteElo "1823"]
[BlackElo "1671"]
[PlyCount "55"]
[EventDate "2009.08.31"]

1. e4 d5 2. exd5 Qxd5 3. Nc3 Qa5 4. d4 c6 5. Bc4 Nf6 6. Nge2 Bf5 7. Ng3 Bg6 8.
O-O e6 9. Re1 Be7 10. Bb3 O-O 11. Bf4 Qd8 12. Qd2 Bd6 13. Rad1 Bxf4 14. Qxf4
Nd5 15. Qf3 Nd7 16. Nce4 N7f6 17. c4 Nxe4 18. Nxe4 Bxe4 19. Rxe4 Nf6 20. Rf4
Qc7 21. Bc2 h6 22. Rd3 Qa5 23. h3 Rfd8 24. Rxf6 gxf6 25. Qxf6 Kf8 26. Rf3 Qc7
27. Qh8+ Ke7 28. Rxf7+ 1-0

[Event "C.to Europeo U18 femminile"]
[Site "Fermo ITA"]
[Date "2009.09.08"]
[Round "8"]
[White "Olsarova, Tereza"]
[Black "Kulon, Klaudia"]
[Result "0-1"]
[WhiteElo "2127"]
[BlackElo "2251"]
[PlyCount "72"]
[EventDate "2009.08.31"]

1. e4 c5 2. Nf3 e6 3. d4 cxd4 4. Nxd4 Nf6 5. Nc3 d6 6. Be2 Be7 7. O-O Nc6 8.
Be3 Bd7 9. Ndb5 Qb8 10. a4 a6 11. Na3 Qc7 12. Nc4 Rc8 13. Bb6 Qb8 14. f4 O-O
15. Be3 Be8 16. Nb6 Rd8 17. Bf3 Nb4 18. Rf2 Bc6 19. Rd2 a5 20. g4 Nd7 21. Nc4
b6 22. Nxd6 Nxc2 23. Qxc2 Bxd6 24. Ne2 Nc5 25. b3 f5 26. gxf5 exf5 27. Nd4 Bxe4
28. Bxe4 Nxe4 29. Nc6 Qa8 30. Qc4+ Kh8 31. Nxd8 Nxd2 32. Nf7+ Rxf7 33. Qxf7
Nf3+ 34. Kf2 Nh4 35. Qe6 Qf3+ 36. Ke1 Bb4+ 0-1

[Event "C.to Europeo U18 femminile"]
[Site "Fermo ITA"]
[Date "2009.09.08"]
[Round "8"]
[White "Ozturk, Kubra"]
[Black "Paikidze, Nazi"]
[Result "1-0"]
[WhiteElo "2256"]
[BlackElo "2298"]
[PlyCount "117"]
[EventDate "2009.08.31"]

1. d4 Nf6 2. Nf3 e6 3. c4 d5 4. Nc3 Bb4 5. Qa4+ Nc6 6. Bd2 O-O 7. e3 a6 8. a3
Bxc3 9. Bxc3 Ne4 10. Qc2 Nxc3 11. Qxc3 Qf6 12. Bd3 dxc4 13. Bxc4 Ne7 14. O-O b6
15. Ne5 Bb7 16. Qc2 Rfc8 17. Bd3 g6 18. Be4 Bd5 19. b4 Ra7 20. Bxd5 exd5 21.
Nd3 h5 22. a4 a5 23. Qb3 Qd6 24. b5 Kg7 25. Rab1 f6 26. Rfc1 Rb7 27. h3 Rh8 28.
Re1 g5 29. Qd1 Rbb8 30. f4 g4 31. hxg4 hxg4 32. Qxg4+ Kf7 33. Rbc1 Rbg8 34. Qf3
Qd7 35. e4 Rh3 36. Rxc7 Rxf3 37. Rxd7 Ke6 38. Rb7 Rxd3 39. exd5+ Kxd5 40. Rbxe7
Rd2 41. R1e2 Rd1+ 42. Kf2 Ra1 43. Rb7 Rg4 44. Kf3 f5 45. Re5+ Kxd4 46. Rxf5 Rg6
47. Rg5 Rf6 48. f5 Ra3+ 49. Kf4 Rh6 50. Rg6 Rh4+ 51. g4 Rxa4 52. Kg5 Rh1 53.
Rbxb6 Rg1 54. Rbc6 Rb4 55. f6 Rxb5+ 56. Kh6 Rb7 57. Rg5 a4 58. Ra6 Ra1 59. Rga5
1-0

[Event "C.to Europeo U18 femminile"]
[Site "Fermo ITA"]
[Date "2009.09.08"]
[Round "8"]
[White "Savina, Anastasia"]
[Black "Eric, Jovana"]
[Result "1/2-1/2"]
[WhiteElo "2382"]
[BlackElo "2137"]
[PlyCount "73"]
[EventDate "2009.08.31"]

1. d4 d5 2. c4 c6 3. Nc3 e6 4. e3 f5 5. Bd3 Nf6 6. f3 Bd6 7. Nge2 O-O 8. Qc2
Kh8 9. c5 Bc7 10. O-O Qe7 11. b4 b6 12. e4 e5 13. exd5 Nxd5 14. Nxd5 cxd5 15.
f4 e4 16. Bb5 a6 17. Ba4 b5 18. Bb3 Nc6 19. Bd2 Be6 20. a4 h6 21. axb5 axb5 22.
Ra2 Rfb8 23. Rfa1 Qe8 24. Rxa8 Rxa8 25. Rxa8 Qxa8 26. Qa2 Qxa2 27. Bxa2 Bb8 28.
Bb3 Kg8 29. Kf2 Kf7 30. Ke3 Ke7 31. Bd1 Kd7 32. g3 Na7 33. Nc3 g6 34. Be2 Kc6
35. Bd1 Kd7 36. Bb3 Kc6 37. Bd1 1/2-1/2

[Event "C.to Europeo U18 femminile"]
[Site "Fermo ITA"]
[Date "2009.09.08"]
[Round "8"]
[White "Skinke, Katrina"]
[Black "Iordanidou, Zoi"]
[Result "1-0"]
[WhiteElo "2200"]
[BlackElo "2115"]
[PlyCount "51"]
[EventDate "2009.08.31"]

1. e4 d5 2. exd5 Nf6 3. d4 Nxd5 4. c4 Nf6 5. Nc3 g6 6. h3 Bg7 7. Nf3 O-O 8. Be2
Na6 9. Be3 c5 10. O-O cxd4 11. Nxd4 Bd7 12. Ndb5 Qb8 13. Qb3 Bc6 14. Rfd1 b6
15. Nd5 Qb7 16. Bf3 Kh8 17. Bd4 Rfd8 18. Qc3 Ne8 19. Bxg7+ Nxg7 20. Nd4 Rab8
21. Nxc6 Qxc6 22. Nxe7 Rxd1+ 23. Rxd1 Qc7 24. Nd5 Qc5 25. b3 Nc7 26. Qe5 1-0

[Event "C.to Europeo U18 femminile"]
[Site "Fermo ITA"]
[Date "2009.09.08"]
[Round "8"]
[White "Uta, Adeline-Ramona"]
[Black "Richard, Emma"]
[Result "0-1"]
[WhiteElo "2076"]
[BlackElo "2091"]
[PlyCount "60"]
[EventDate "2009.08.31"]

1. e4 c5 2. Nf3 Nc6 3. d4 cxd4 4. Nxd4 e5 5. Nb5 d6 6. N1c3 a6 7. Na3 b5 8. Nd5
Nge7 9. c4 Nd4 10. Be3 Nxd5 11. cxd5 g6 12. Bxd4 exd4 13. Qxd4 Qa5+ 14. Qd2
Qxd2+ 15. Kxd2 Bg7 16. Rb1 O-O 17. Bd3 f5 18. f3 fxe4 19. Bxe4 Bf5 20. Rhf1
Rae8 21. Kd3 Re5 22. Kc2 Rc8+ 23. Kb3 Bxe4 24. fxe4 Rxe4 25. Rbe1 Rh4 26. h3 a5
27. Nc2 Be5 28. Re2 Rhc4 29. Ne3 Rc3+ 30. bxc3 Rxc3+ 0-1

[Event "C.to Europeo U18 femminile"]
[Site "Fermo ITA"]
[Date "2009.09.08"]
[Round "8"]
[White "Vojinovic, Jovana"]
[Black "Tsatsalashvili, Keti"]
[Result "0-1"]
[WhiteElo "2341"]
[BlackElo "2255"]
[PlyCount "116"]
[EventDate "2009.08.31"]

1. d4 Nf6 2. c4 e6 3. Nf3 b6 4. g3 Ba6 5. Nbd2 Bb4 6. Qc2 Bb7 7. Bg2 Be4 8. Qa4
Bxd2+ 9. Bxd2 O-O 10. O-O d6 11. Rfd1 Nbd7 12. Rac1 Qe7 13. Qa3 Rfe8 14. Bh3
Bf5 15. Bf1 Be4 16. b4 c5 17. dxc5 dxc5 18. b5 Bb7 19. Qb3 Ne4 20. Be3 Red8 21.
Bg2 f6 22. Qc2 Nf8 23. a4 Nd6 24. Bd2 a5 25. Ne1 Ra7 26. Bc3 Bxg2 27. Nxg2 Rad7
28. Ne3 Qf7 29. Be1 Qg6 30. Qxg6 Nxg6 31. f3 h5 32. Bc3 Ne7 33. Kf2 Kf7 34. Rd3
Nef5 35. Nxf5 Nxf5 36. Rxd7+ Rxd7 37. h3 Rd8 38. g4 hxg4 39. hxg4 Nd6 40. Be1
f5 41. gxf5 exf5 42. e3 g5 43. Ke2 Re8 44. Kd3 Rd8 45. Ke2 Re8 46. Kd3 Rd8 47.
Ke2 g4 48. Bg3 gxf3+ 49. Kxf3 Ne4 50. Bc7 Rd2 51. Kf4 Ke6 52. Rf1 Rg2 53. Bxb6
Rg4+ 54. Kf3 Nd2+ 55. Kf2 Nxf1 56. Bxa5 Ng3 57. Bc7 Ne4+ 58. Ke2 Nc3+ 0-1

[Event "C.to Europeo U18 femminile"]
[Site "Fermo ITA"]
[Date "2009.09.09"]
[Round "9"]
[White "Agrest, Inna"]
[Black "Kulon, Klaudia"]
[Result "1/2-1/2"]
[WhiteElo "2120"]
[BlackElo "2251"]
[PlyCount "109"]
[EventDate "2009.08.31"]

1. e4 c5 2. Nf3 d6 3. d4 Nf6 4. Nc3 cxd4 5. Nxd4 Nc6 6. Bg5 e6 7. Qd2 a6 8.
O-O-O Bd7 9. f3 Be7 10. h4 h6 11. Be3 h5 12. Be2 Ne5 13. Rdg1 b5 14. a3 Rb8 15.
g4 hxg4 16. fxg4 a5 17. Ndxb5 Nxe4 18. Nxe4 Bxb5 19. Bxb5+ Rxb5 20. Rd1 d5 21.
Qc3 Qb8 22. Ba7 d4 23. Qxd4 Qc7 24. Qa4 Qc6 25. Bd4 Rd5 26. Qxc6+ Nxc6 27. Bxg7
Rxh4 28. Rxh4 Rxd1+ 29. Kxd1 Bxh4 30. g5 e5 31. Nd6+ Kd7 32. Nxf7 Ke6 33. g6
Kf5 34. c3 Bf6 35. Bxf6 Kxf6 36. Nd6 Kxg6 37. b4 axb4 38. axb4 Kf6 39. b5 Ke6
40. Ne4 Na5 41. Ke2 Kd5 42. Kd3 Nc4 43. Nd2 e4+ 44. Nxe4 Ne5+ 45. Ke3 Nc4+ 46.
Kf4 Na3 47. b6 Kc6 48. b7 Kxb7 49. Ke5 Kc6 50. Ke6 Nb5 51. c4 Na3 52. c5 Nc4
53. Kf5 Nd2 54. Nxd2 Kxc5 55. Ke4 1/2-1/2

[Event "C.to Europeo U18 femminile"]
[Site "Fermo ITA"]
[Date "2009.09.09"]
[Round "9"]
[White "Andrenko, Irina"]
[Black "Savina, Anastasia"]
[Result "0-1"]
[WhiteElo "2184"]
[BlackElo "2382"]
[PlyCount "66"]
[EventDate "2009.08.31"]

1. e4 c5 2. Nf3 e6 3. c3 d5 4. exd5 exd5 5. d4 Nc6 6. Be2 Nf6 7. O-O Be7 8.
dxc5 Bxc5 9. Nbd2 h6 10. Nb3 Bd6 11. Nbd4 O-O 12. Qd3 Re8 13. Bd1 Ne4 14. Bc2
Bg4 15. h3 Bh5 16. Nf5 Bc7 17. g4 Bg6 18. N3h4 Bxf5 19. Nxf5 Ne5 20. Qd1 g6 21.
Ng3 Qh4 22. Kg2 Nc4 23. Nxe4 dxe4 24. Qd5 Nb6 25. Qxb7 Qe7 26. Be3 Qd6 27. Rh1
Nd5 28. Bxe4 Nxe3+ 29. fxe3 Rab8 30. Qd5 Rxb2+ 31. Kf1 Qg3 32. Rh2 Qxh2 33. Bg2
Bg3 0-1

[Event "C.to Europeo U18 femminile"]
[Site "Fermo ITA"]
[Date "2009.09.09"]
[Round "9"]
[White "Boric, Masa"]
[Black "Landl, Margot"]
[Result "1/2-1/2"]
[WhiteElo "1671"]
[BlackElo "1771"]
[PlyCount "27"]
[EventDate "2009.08.31"]

1. d4 d5 2. Nf3 Nf6 3. Bf4 e6 4. e3 c5 5. c3 Nc6 6. Bb5 Bd6 7. Bxd6 Qxd6 8. O-O
O-O 9. Nbd2 a6 10. Bxc6 bxc6 11. dxc5 Qxc5 12. Nb3 Qe7 13. Qd4 Nd7 14. e4
1/2-1/2

[Event "C.to Europeo U18 femminile"]
[Site "Fermo ITA"]
[Date "2009.09.09"]
[Round "9"]
[White "Ozturk, Kubra"]
[Black "Girya, Olga"]
[Result "0-1"]
[WhiteElo "2256"]
[BlackElo "2266"]
[PlyCount "119"]
[EventDate "2009.08.31"]

1. d4 Nf6 2. c4 c5 3. Nf3 cxd4 4. Nxd4 e5 5. Nb5 d5 6. cxd5 Bc5 7. e3 O-O 8.
N5c3 e4 9. Be2 Qe7 10. a3 Rd8 11. Qc2 Bf5 12. Nd2 Nbd7 13. b4 Bd6 14. Nc4 Ne5
15. Nxe5 Bxe5 16. Bb2 a5 17. b5 Nxd5 18. Nxd5 Rxd5 19. Bxe5 Qxe5 20. O-O Rc8
21. Qa4 b6 22. Rad1 Be6 23. Bc4 Rdc5 24. Bxe6 Qxe6 25. Rd4 Rc4 26. Qd1 Rxd4 27.
Qxd4 h6 28. h3 Rc2 29. f4 exf3 30. Rxf3 Qg6 31. Qg4 Qxg4 32. hxg4 Ra2 33. e4
Rb2 34. Rf5 Ra2 35. Rd5 Rxa3 36. Rd8+ Kh7 37. Rd6 Re3 38. Rxb6 Rxe4 39. Ra6 a4
40. b6 Rxg4 41. Kf2 Rb4 42. Kf3 a3 43. Rxa3 Rxb6 44. Ra5 Kg6 45. g4 f6 46. Kf4
Re6 47. Ra7 Re5 48. Rb7 h5 49. gxh5+ Rxh5 50. Ra7 Rh4+ 51. Kg3 Rb4 52. Rc7 Kh6
53. Rf7 Kg6 54. Re7 f5 55. Rc7 Kf6 56. Ra7 g6 57. Ra8 Rb3+ 58. Kf2 f4 59. Rf8+
Kg5 60. Ke1 0-1

[Event "C.to Europeo U18 femminile"]
[Site "Fermo ITA"]
[Date "2009.09.09"]
[Round "9"]
[White "Paikidze, Nazi"]
[Black "Bucar, Natasa"]
[Result "1-0"]
[WhiteElo "2298"]
[BlackElo "1988"]
[PlyCount "76"]
[EventDate "2009.08.31"]

1. e4 c5 2. Nf3 d6 3. d4 cxd4 4. Nxd4 Nf6 5. Nc3 a6 6. Bg5 e6 7. f4 Qb6 8. Qd3
Nc6 9. Bxf6 gxf6 10. Nb3 Bd7 11. Be2 Be7 12. Bh5 Rg8 13. g3 Rg7 14. O-O-O O-O-O
15. Kb1 Kb8 16. Qe2 Qc7 17. Rhf1 Rc8 18. Qd2 Na5 19. Be2 Nc4 20. Bxc4 Qxc4 21.
Qd4 Qxd4 22. Nxd4 Rc5 23. f5 b5 24. a3 Kb7 25. Nb3 Rc8 26. e5 exf5 27. Nd5 Bd8
28. Nxf6 Bxf6 29. exf6 Rg4 30. Rxd6 Be6 31. Nd4 Rxd4 32. Rxd4 Rc6 33. Rh4 Bc8
34. Rxh7 Rxf6 35. g4 Kc6 36. g5 Rg6 37. h4 f6 38. Rh6 Kd5 1-0

[Event "C.to Europeo U18 femminile"]
[Site "Fermo ITA"]
[Date "2009.09.09"]
[Round "9"]
[White "Repina, Varvara"]
[Black "Richard, Emma"]
[Result "1-0"]
[WhiteElo "2264"]
[BlackElo "2091"]
[PlyCount "55"]
[EventDate "2009.08.31"]

1. e4 c5 2. Nf3 Nc6 3. d4 cxd4 4. Nxd4 e5 5. Nb5 d6 6. c4 Be7 7. N1c3 a6 8. Na3
f5 9. Bd3 f4 10. g3 Nf6 11. gxf4 exf4 12. Bxf4 O-O 13. Bg3 Ng4 14. f4 Nd4 15.
Nc2 Bf6 16. Nxd4 Bxd4 17. Qb3 Nf2 18. Bxf2 Bxf2+ 19. Kxf2 Qh4+ 20. Ke2 Qxf4 21.
Kd1 Qf3+ 22. Kd2 Qf4+ 23. Kc2 Qf2+ 24. Be2 Be6 25. Raf1 Qe3 26. Qxb7 Rfb8 27.
Qc7 Rb6 28. Rf3 1-0

[Event "C.to Europeo U18 femminile"]
[Site "Fermo ITA"]
[Date "2009.09.09"]
[Round "9"]
[White "Semenova, Elena"]
[Black "Vojinovic, Jovana"]
[Result "1-0"]
[WhiteElo "2115"]
[BlackElo "2341"]
[PlyCount "93"]
[EventDate "2009.08.31"]

1. e4 e6 2. d4 d5 3. Nc3 Nf6 4. Bg5 Be7 5. e5 Nfd7 6. Bxe7 Qxe7 7. f4 a6 8. Nf3
c5 9. dxc5 Qxc5 10. Qd2 Nc6 11. Bd3 b5 12. a3 Bb7 13. Qf2 b4 14. axb4 Nxb4 15.
Nd4 Nxd3+ 16. cxd3 Qb6 17. O-O O-O 18. Ra3 Rfb8 19. Rb3 Qa7 20. Na4 Rc8 21. f5
Bc6 22. fxe6 fxe6 23. Qf7+ Kh8 24. Nb6 Bb5 25. Rxb5 axb5 26. Nxc8 Qxd4+ 27. Kh1
Rxc8 28. Qxd7 Rg8 29. Qxe6 Qxd3 30. Qf7 h6 31. e6 Kh7 32. Re1 Qd2 33. Qf5+ Kh8
34. Qe5 Re8 35. e7 Qb4 36. h3 d4 37. Re4 Qxb2 38. Rf4 Qb1+ 39. Kh2 Qg6 40. Rf8+
Kh7 41. Rxe8 Qxe8 42. Qf5+ Kg8 43. Qd5+ Kh7 44. Qd8 Qf7 45. e8=Q Qf4+ 46. Kg1
Qc1+ 47. Kf2 1-0

[Event "C.to Europeo U18 femminile"]
[Site "Fermo ITA"]
[Date "2009.09.09"]
[Round "9"]
[White "Tsatsalashvili, Keti"]
[Black "Ni, Viktorija"]
[Result "1-0"]
[WhiteElo "2255"]
[BlackElo "2151"]
[PlyCount "59"]
[EventDate "2009.08.31"]

1. d4 Nf6 2. c4 g6 3. Nc3 Bg7 4. e4 d6 5. Nf3 O-O 6. Be2 e5 7. O-O Nc6 8. d5
Ne7 9. Nd2 Ne8 10. b4 f5 11. c5 a5 12. cxd6 Nxd6 13. b5 fxe4 14. Nc4 Nef5 15.
Ba3 e3 16. Nxe3 Nxe3 17. fxe3 Rxf1+ 18. Bxf1 Qg5 19. Qd2 Nf5 20. Re1 h5 21. Ne4
Qh4 22. Bd3 b6 23. Qf2 Qd8 24. Ng3 Nh4 25. Rf1 Bf5 26. e4 Bd7 27. Qf7+ Kh8 28.
Be7 Qe8 29. Qxe8+ Rxe8 30. Bxh4 1-0

[Event "V Festival B"]
[Site "Cattolica ITA"]
[Date "2009.09.05"]
[Round "1"]
[White "Andruccioli, Daniele"]
[Black "Nardi, Maurizio"]
[Result "1/2-1/2"]
[WhiteElo "1937"]
[BlackElo "1591"]
[PlyCount "113"]
[EventDate "2009.09.05"]

1. Nf3 f5 2. g3 Nf6 3. Bg2 e6 4. O-O Be7 5. d4 O-O 6. c4 c5 7. Nc3 cxd4 8. Nxd4
Nc6 9. e4 e5 10. Nxf5 Bc5 11. Be3 Bb4 12. Nd5 Nxd5 13. cxd5 Ne7 14. Bg5 Qe8 15.
Qb3 Nxf5 16. Qxb4 Nd4 17. Qc4 d6 18. Be3 Nf3+ 19. Bxf3 Rxf3 20. Qc7 Qh5 21.
Qd8+ Rf8 22. Qg5 Qf3 23. Qh4 Bg4 24. Rac1 Rac8 25. h3 Bh5 26. Bxa7 h6 27. Rxc8
Rxc8 28. Qe7 Bg6 29. Qe6+ Kh7 30. Qg4 Bxe4 31. Qxf3 Bxf3 32. a4 Ra8 33. Bb6
Rxa4 34. Bc7 Ra6 35. g4 Kg6 36. Kh2 Kf6 37. Kg3 Bxd5 38. Rd1 Ke6 39. f4 exf4+
40. Kxf4 Ra4+ 41. Kg3 Re4 42. Rd3 Re2 43. b4 g5 44. h4 Rg2+ 45. Kh3 Rb2 46.
hxg5 hxg5 47. Bd8 Rxb4 48. Bxg5 Rb3 49. Re3+ Rxe3+ 50. Bxe3 b5 51. Kg3 Ke5 52.
Bf4+ Ke6 53. Kf2 Be4 54. Ke3 d5 55. Kd4 Bf3 56. Kc5 Bxg4 57. Kxb5 1/2-1/2

[Event "V Festival B"]
[Site "Cattolica ITA"]
[Date "2009.09.05"]
[Round "1"]
[White "Astolfi, Fausto"]
[Black "Mordini, Stefano"]
[Result "0-1"]
[WhiteElo "1431"]
[BlackElo "1726"]
[PlyCount "56"]
[EventDate "2009.09.05"]

1. c4 c5 2. Nc3 Nc6 3. e3 g6 4. g3 Bg7 5. Bg2 e6 6. Nge2 Nge7 7. O-O O-O 8. b3
b6 9. a3 Bb7 10. Bb2 Rb8 11. Qc2 a6 12. f4 Nf5 13. Bh3 Qc7 14. Bxf5 gxf5 15.
Rab1 Na5 16. Kf2 Qc6 17. Ke1 Qg2 18. Rf2 Qh1+ 19. Rf1 Qxh2 20. d3 Bg2 21. Rf2
Qh3 22. Kd2 d5 23. Rg1 d4 24. exd4 cxd4 25. Nd1 Ba8 26. c5 bxc5 27. Qxc5 Nxb3+
28. Kc2 Nxc5 0-1

[Event "V Festival B"]
[Site "Cattolica ITA"]
[Date "2009.09.05"]
[Round "1"]
[White "Dule, Krenar"]
[Black "Diena, Giovanni"]
[Result "1-0"]
[WhiteElo "1467"]
[BlackElo "1868"]
[PlyCount "117"]
[EventDate "2009.09.05"]

1. e4 e5 2. Nc3 Nf6 3. Nf3 Be7 4. d4 exd4 5. Nxd4 O-O 6. Be3 Bb4 7. f3 d6 8.
Qd2 Bd7 9. Bc4 Nc6 10. a3 Bxc3 11. Qxc3 Ne5 12. Ba2 a6 13. Bg5 Nxe4 14. Bxd8
Nxc3 15. Bxc7 Nb5 16. Nxb5 Bxb5 17. Bxd6 Rfe8 18. O-O-O Nc4 19. Bxc4 Bxc4 20.
Rhe1 Be6 21. Rd2 f6 22. Rde2 Kf7 23. b3 Rac8 24. Kb2 Rc6 25. Bb4 b6 26. a4 a5
27. Ba3 Rec8 28. Rd2 R8c7 29. c4 h5 30. Rd6 Rxd6 31. Bxd6 Rd7 32. Rd1 Bf5 33.
Rd2 Ke6 34. Bf4 Rxd2+ 35. Bxd2 Bd3 36. Kc3 Bf1 37. g3 Bg2 38. f4 Kf5 39. Be3
Kg4 40. Bxb6 Kh3 41. Bg1 Ba8 42. Kd3 Kg2 43. Bb6 Kxh2 44. Bf2 Kg2 45. Ke3 f5
46. Be1 Be4 47. Kd2 Kf1 48. c5 g6 49. Kd1 Bd5 50. Bxa5 Bxb3+ 51. Kd2 Bxa4 52.
Bd8 Kf2 53. Bh4 Kf3 54. Kd3 Bc6 55. Kd4 Ke2 56. Ke5 Kd3 57. Kd6 Bb5 58. c6 Ba6
59. c7 1-0

[Event "V Festival B"]
[Site "Cattolica ITA"]
[Date "2009.09.05"]
[Round "1"]
[White "Giovannini, Roberto"]
[Black "Catalano, Luigi"]
[Result "1-0"]
[WhiteElo "1970"]
[BlackElo "1674"]
[PlyCount "97"]
[EventDate "2009.09.05"]

1. c4 e6 2. g3 d6 3. Bg2 Nd7 4. Nc3 Rb8 5. d4 a6 6. a4 h6 7. e4 Ne7 8. f4 g6 9.
Nge2 Bg7 10. O-O O-O 11. Be3 Kh7 12. g4 Ng8 13. Ng3 c5 14. f5 cxd4 15. Bxd4
Bxd4+ 16. Qxd4 Nc5 17. Rad1 Qb6 18. fxg6+ Kxg6 19. Nh5 Nd7 20. Nf4+ Kh7 21.
Qxb6 Nxb6 22. b3 Rd8 23. a5 e5 24. axb6 Bxg4 25. Nfe2 Kg7 26. Rd3 Be6 27. Rfd1
Nf6 28. Rxd6 Rxd6 29. Rxd6 Nd7 30. Kf2 Nc5 31. b4 Nd7 32. Nd5 Nf6 33. Nxf6 Kxf6
34. c5 Ke7 35. Nc3 h5 36. Nd5+ Kf8 37. Nf6 h4 38. Rxe6 Rd8 39. Rxe5 Rd2+ 40.
Kg1 Rb2 41. Nd5 f6 42. Re7 Rb1+ 43. Bf1 Re1 44. Kf2 Rb1 45. Bxa6 Rb2+ 46. Be2
Rxb4 47. Nxb4 Kxe7 48. c6 Kd6 49. cxb7 1-0

[Event "V Festival B"]
[Site "Cattolica ITA"]
[Date "2009.09.12"]
[Round "8"]
[White "Bruglia Prazio, Orlando"]
[Black "Giovannini, Roberto"]
[Result "1-0"]
[WhiteElo "1882"]
[BlackElo "1970"]
[PlyCount "59"]
[EventDate "2009.09.05"]

1. d4 d5 2. Bf4 c5 3. e3 Qb6 4. Nc3 e6 5. Nb5 Na6 6. Nf3 Bd7 7. a4 c4 8. Be2
Bxb5 9. axb5 Qxb5 10. O-O Qb6 11. c3 Rc8 12. Ne5 Ne7 13. b3 cxb3 14. Rb1 Rxc3
15. Qd2 Rc8 16. Bd1 Qb4 17. Qe2 Rc3 18. e4 Nc6 19. Nxc6 Rxc6 20. exd5 Qxd4 21.
dxc6 Qxf4 22. cxb7 Bd6 23. g3 Qe5 24. Qxa6 O-O 25. Bxb3 Bc5 26. Rbc1 h5 27. Qc6
Bb6 28. Bc2 h4 29. Qe4 Qh5 30. Qxh4 1-0

[Event "V Festival B"]
[Site "Cattolica ITA"]
[Date "2009.09.12"]
[Round "8"]
[White "Conti, Silvio"]
[Black "Silini, Bruno"]
[Result "1-0"]
[WhiteElo "1835"]
[BlackElo "1587"]
[PlyCount "63"]
[EventDate "2009.09.05"]

1. d4 d5 2. c4 e6 3. Nc3 Nf6 4. cxd5 Nxd5 5. e4 Nf6 6. Nf3 Bb4 7. Bd3 c6 8. O-O
Nbd7 9. h3 Qc7 10. Be3 O-O 11. e5 Nd5 12. Nxd5 cxd5 13. Bxh7+ Kh8 14. Ng5 g6
15. Bxg6 fxg6 16. Nxe6 Qb6 17. Nxf8 Bxf8 18. f4 Qe6 19. f5 gxf5 20. Qh5+ Kg8
21. Rxf5 b6 22. Raf1 Ba6 23. R1f4 Bd3 24. Rg4+ Bg7 25. Rfg5 Qe7 26. Rxg7+ Qxg7
27. Rxg7+ Kxg7 28. Qh6+ Kg8 29. Qe6+ Kh8 30. Qxd7 Be4 31. Bg5 Bxg2 32. Bf6+ 1-0

[Event "I Open Scaccomatto alla Donna Bianca"]
[Site "Roma ITA"]
[Date "2009.09.??"]
[Round "3"]
[White "Di Giorgio, Daniele"]
[Black "Simeone, Giulio"]
[Result "0-1"]
[WhiteElo "1678"]
[BlackElo "1979"]
[PlyCount "42"]
[EventDate "2009.09.11"]

1. e4 c6 2. d4 d5 3. Nc3 dxe4 4. Nxe4 Nf6 5. Nxf6+ exf6 6. c3 Bd6 7. Bd3 O-O 8.
Ne2 Bg4 9. f3 Bh5 10. g4 Bg6 11. Bxg6 hxg6 12. Bf4 Bxf4 13. Nxf4 Re8+ 14. Ne2
Qd5 15. Qd3 Nd7 16. O-O-O Qxa2 17. Ng3 a5 18. h4 a4 19. Rd2 Nb6 20. h5 Nc4 21.
hxg6 Qa1+ 0-1

[Event "IV Festival Riviera dei Cedri A"]
[Site "Scalea ITA"]
[Date "2009.09.08"]
[Round "2"]
[White "Astanovskaya, Yulia"]
[Black "Cappai, Davide"]
[Result "0-1"]
[WhiteElo "1910"]
[BlackElo "2155"]
[PlyCount "90"]
[EventDate "2009.09.07"]

1. e4 c5 2. c3 Nf6 3. e5 Nd5 4. d4 cxd4 5. cxd4 d6 6. Bc4 Nb6 7. Bb5+ Bd7 8.
Qe2 Nc6 9. Nf3 a6 10. Bxc6 Bxc6 11. Nc3 e6 12. O-O Be7 13. Rd1 Rc8 14. a4 Bxf3
15. Qxf3 d5 16. Qg3 g6 17. Bh6 Nc4 18. Qh3 Rg8 19. Bf4 h5 20. g4 Bg5 21. Bc1
Bxc1 22. Rdxc1 Qg5 23. Kh1 hxg4 24. Qg3 Rh8 25. Rc2 Rh3 26. Qg2 Kf8 27. Rg1 Qh6
28. Ne2 Kg7 29. Ng3 Rh8 30. Nf1 Qf4 31. Rc3 Qxd4 32. Qxg4 Qxg4 33. Rxg4 Rxc3
34. bxc3 a5 35. f4 Rh3 36. Ng3 Ne3 37. Rg5 Rh8 38. Ne2 Rc8 39. Rg3 Nf5 40. Rg1
Rc4 41. Ra1 Re4 42. Ra2 d4 43. Rb2 d3 44. Ng3 Nxg3+ 45. hxg3 Re2 0-1

[Event "XI Open"]
[Site "Crema ITA"]
[Date "2009.09.04"]
[Round "1"]
[White "Adami, Alessandro"]
[Black "Scarpellini, Felice"]
[Result "0-1"]
[WhiteElo "1473"]
[BlackElo "1823"]
[PlyCount "74"]
[EventDate "2009.09.04"]

1. e4 d6 2. d4 g6 3. Nd2 Bg7 4. Ngf3 Bg4 5. Be2 Nf6 6. c3 O-O 7. O-O Bxf3 8.
Bxf3 e5 9. Qb3 b6 10. Nc4 Nbd7 11. Rd1 Qe7 12. Bg5 h6 13. Bxf6 Nxf6 14. d5 Nd7
15. Qc2 Qg5 16. Ne3 h5 17. g3 h4 18. Bg4 Nf6 19. Bh3 Nh5 20. Bg4 Nf6 21. Bh3
hxg3 22. hxg3 Bh6 23. b4 Qh5 24. Kg2 Bxe3 25. fxe3 Kg7 26. Rh1 Qg5 27. Kf2 Rh8
28. Qd3 Nh5 29. g4 Nf6 30. Rag1 Rh4 31. Kf3 Rah8 32. Qf1 Qh6 33. Rg3 Nh7 34.
Bg2 Ng5+ 35. Ke2 Rxh1 36. Bxh1 Qxh1 37. Qxh1 Rxh1 0-1

[Event "XI Open"]
[Site "Crema ITA"]
[Date "2009.09.04"]
[Round "1"]
[White "Adami, Antonio"]
[Black "Poletti, Fausto"]
[Result "1/2-1/2"]
[WhiteElo "1617"]
[BlackElo "1902"]
[PlyCount "85"]
[EventDate "2009.09.04"]

1. e4 c5 2. Nf3 Nc6 3. d4 cxd4 4. Nxd4 Nf6 5. Nc3 e5 6. Nb3 Bb4 7. Bc4 Nxe4 8.
Bxf7+ Kxf7 9. Qd5+ Ke8 10. Qxe4 d5 11. Qe2 d4 12. a3 Be7 13. Ne4 Qd5 14. O-O
Bf5 15. f3 Rd8 16. Qd3 Rf8 17. Bd2 b5 18. Na5 Nxa5 19. Bxa5 Rc8 20. Rfe1 Qc4
21. Rac1 Qxd3 22. cxd3 Kd7 23. Bb4 Bxb4 24. axb4 Bxe4 25. fxe4 a6 26. Red1 Rxc1
27. Rxc1 Rc8 28. Rxc8 Kxc8 29. b3 Kc7 30. Kf2 Kd6 31. Ke2 Ke6 32. g3 Kf6 33.
Kf3 Kg5 34. h3 g6 35. Kf2 h5 36. Kf3 h4 37. g4 Kf6 38. Ke2 g5 39. Kd2 Ke6 40.
Kc2 Kd6 41. Kb2 Kc6 42. Ka2 Kb6 43. Ka3 1/2-1/2

[Event "XI Open"]
[Site "Crema ITA"]
[Date "2009.09.04"]
[Round "1"]
[White "Agnelli, Francesco"]
[Black "Tedoldi, Guido"]
[Result "1-0"]
[WhiteElo "2051"]
[BlackElo "1774"]
[PlyCount "65"]
[EventDate "2009.09.04"]

1. e4 c5 2. Nf3 Nc6 3. d4 cxd4 4. Nxd4 e5 5. Nb5 d6 6. N1c3 a6 7. Na3 Nf6 8.
Bg5 Be7 9. Bxf6 Bxf6 10. Nd5 Be6 11. Nc4 Bxd5 12. Qxd5 Be7 13. c3 Qc7 14. Be2
b5 15. Ne3 Rd8 16. O-O Bf6 17. a4 Ne7 18. Qb3 O-O 19. axb5 Qb7 20. Rxa6 Qxe4
21. Ra4 Qb7 22. Rfa1 d5 23. Ra7 Qb8 24. g3 e4 25. Ng4 Bg5 26. h4 h5 27. hxg5
Nc6 28. R7a6 Rd6 29. Ne3 Rfd8 30. Nf5 Re6 31. Rxc6 e3 32. Rxe6 exf2+ 33. Kg2
1-0

[Event "XI Open"]
[Site "Crema ITA"]
[Date "2009.09.04"]
[Round "1"]
[White "Alidosi, Marco"]
[Black "Bonade', Massimo"]
[Result "0-1"]
[WhiteElo "1791"]
[BlackElo "2097"]
[PlyCount "76"]
[EventDate "2009.09.04"]

1. e4 c5 2. d3 d6 3. Nf3 Nc6 4. g3 g6 5. Bg2 Bg7 6. c3 e6 7. a4 Nge7 8. O-O O-O
9. Bg5 h6 10. Be3 b6 11. Na3 d5 12. Qe2 d4 13. cxd4 cxd4 14. Bd2 e5 15. Nc4 Be6
16. Rfc1 a5 17. Rc2 Qb8 18. Rac1 Nb4 19. Bxb4 axb4 20. b3 b5 21. axb5 f6 22.
Nfd2 Qxb5 23. Nd6 Qb8 24. N2c4 Nc8 25. Nxc8 Rxc8 26. Qf1 Rd8 27. Bh3 Bf7 28.
Ra1 Bf8 29. Qc1 Qb5 30. Rca2 Ra3 31. Rxa3 bxa3 32. Qc2 Ra8 33. Bf1 Qb4 34. Nd2
Qc3 35. Qd1 a2 36. Nc4 Bb4 37. Nb6 Qxa1 38. Qxa1 Bc3 0-1

[Event "XI Open"]
[Site "Crema ITA"]
[Date "2009.09.04"]
[Round "1"]
[White "Arena, Piermario"]
[Black "Paglia, Angelo"]
[Result "0-1"]
[WhiteElo "1900"]
[BlackElo "1615"]
[PlyCount "43"]
[EventDate "2009.09.04"]

1. e4 c5 2. c3 d5 3. exd5 Qxd5 4. d4 cxd4 5. cxd4 Nc6 6. Nf3 e6 7. Be2 Bb4+ 8.
Nc3 Qa5 9. Bd2 Nf6 10. a3 Be7 11. O-O Qd8 12. Rc1 a6 13. Bf4 O-O 14. b4 Nd5 15.
Nxd5 Qxd5 16. Bc4 Qf5 17. Bg3 Rd8 18. Bd3 Qd5 19. Qc2 Nxd4 20. Nxd4 Qxd4 21.
Bxh7+ Kh8 22. Rfd1 0-1